000 00632nam a2200193Ia 4500
003 GCL
008 140319s9999 xx 000 0 ara d
040 _aGCL /
_cGCL
082 0 4 _a227.2
_bم م
100 1 _aمصطفى الصاوى الجوينى
245 1 0 _aمنهج الزمخشرى فى تفسير القران وبيان اعجازة /
_cمصطفى الصاوى الجوينى
260 _a[S.N] :
_bدار المعارف ،
_c1984
300 _a309 ص
490 _aمكتبة الدراسات الادبية
_v0
650 0 4 _aالمفسرون
650 0 4 _aتفاسير
650 0 4 _aالقران
942 _2ddc
_cBK
999 _c28692
_d28692